00471nam a2200193Ia 4500008004100000020001800041050001400059100002300073245001800096245002300114260001500137260002200152260000900174300001500183300002700198300001100225440003300236500000800269170918s9999 xx 000 0 und d a9780516246482 bV215 2004 aValzania, Kimberly aGreat lakes / cKimberly Valzania. aNew York : bChildren's Press, c2004 a31 pages : bcolored illustration ; c18cm.  aRookie read-about geography. a500